Visualizzazione normale
Vista MARC
- Barboni Enzo (E.B. Clucher)
di Personal Name
Records bibliografici associati: 1
001 - CONTROL NUMBER
- control field: 39579
003 - CONTROL NUMBER IDENTIFIER
- control field: IT-RoPau
005 - DATE AND TIME OF LATEST TRANSACTION
- control field: 20151126102921.0
008 - FIXED-LENGTH DATA ELEMENTS
- fixed length control field: 151126|| aca||aabn | a|a d
040 ## - CATALOGING SOURCE
- Original cataloging agency: IT-RoPau
- Transcribing agency: IT-RoPau
100 ## - HEADING--PERSONAL NAME
- Personal name: Barboni Enzo (E.B. Clucher)
- Relator term: (regista)
- Miscellaneous information: Codice regista SPICS: 59298
670 ## - SOURCE DATA FOUND
- Source citation: Work cat.: (IT-RoPau)105118: Barboni Enzo (E.B. Clucher) Codice regista SPICS: 59298 39577, ANCHE GLI ANGELI MANGIANO FAGIOLI ANCHE GLI ANGELI MANGIANO FAGIOLI (Rif. Codice opera principale : H8271)